| 000 | 00356nam a22001337a 4500 | ||
|---|---|---|---|
| 020 | _qHB. | ||
| 040 | _cFIZZA ISHAQ | ||
| 082 |
_a381.1490 _bWAL |
||
| 100 |
_aWalton. Sam. _9134383 |
||
| 245 |
_aSAM Walton: Made in America / _c Sam Walton. |
||
| 260 |
_aNew York: _bDoubleday, _c1992. |
||
| 300 |
_axiii , 269 P. : illustrations ; _c24 cm |
||
| 942 |
_2ddc _cBK |
||
| 999 |
_c617361 _d617361 |
||